MARC

LEADER 00000nam0a2200000 4500
001 281372
005 20231101235409.0
020 |a RU  |b 86-59233 
035 |a (RuTPU)RU\TPU\book\305090 
090 |a 281372 
100 |a 20150121d1986 m y0rusy5003 ca 
101 0 |a rus 
102 |a RU 
105 |a y z 001zy 
200 1 |a Восток: продовольствие и развитие  |f Академия наук СССР (АН СССР), Институт востоковедения (ИВ) ; В. Г. Растянникова 
210 |a Москва  |c Наука  |d 1986 
215 |a 344 с. 
225 1 |a Пути развития освободившихся стран Востока 
300 |a Авт. указаны на 6-й с. 
320 |a Библиогр. в примеч.: с. 243-272 
606 1 |a Продовольственное положение  |y Страны Востока  |2 stltpush  |3 (RuTPU)RU\TPU\subj\51808  |9 70371 
610 1 |a экономика 
610 1 |a восточные страны 
610 1 |a продовольственные проблемы 
610 1 |a продовольственные ресурсы 
610 1 |a продовольственные кризисы 
610 1 |a социальные бедствия 
610 1 |a продовольственное обеспечение 
610 1 |a капиталистические страны 
610 1 |a продовольственная безопасность 
686 |a У9(5)  |2 rubbk 
702 1 |a Растянников  |b В. Г.  |g Виктор Георгиевич 
712 0 2 |a Академия наук СССР (АН СССР)  |b Институт востоковедения (ИВ)  |c (Москва)  |2 stltpush  |3 (RuTPU)RU\TPU\col\11263 
801 0 |a RU  |b RuMRKP  |c 19960705  |g psbo 
801 1 |a RU  |b 63413507  |c 20150121 
801 2 |a RU  |b 63413507  |c 20170328  |g RCR 
942 |c BK